000 00728nam a2200241Ia 4500
008 160418s9999 xx 000 0 und d
020 _a971-821-031-8
050 _aFIL PE 1408
050 _b.C43 2002 c.2
245 4 _aThe Challenge of effective writing /
245 _cLourdes A. Dagdag… [et al]
260 _aValenzuela City:
260 _bMutya Pub. House,
260 _c2002
300 _a202 pages :
300 _billustrations ;
300 _c25 cm.
500 _aIncludes bibliographical references.
650 _aEnglish language -- Composition and exercises.
650 _aReading (Higher).
650 _xAcademic writing.
650 _xEnglish language -- Rhetoric -- Study and teaching (Higher).
999 _c293458
_d293458